Violencia y abusos sexuales en la familia : un abordaje sistémico y comunicacional /
Guardado en:
| Autor Principal: | |
|---|---|
| Otros Autores: | |
| Formato: | Libro |
| Publicado: |
Buenos Aires :
Paidós,
1997
|
| Materias: | |
| Etiquetas: |
Agregar Etiqueta
Sin Etiquetas, Sea el primero en etiquetar este registro!
|
| LEADER | 00803nam a22002535a 4500 | ||
|---|---|---|---|
| 001 | CEM.cems009680 | ||
| 005 | 20080723094832.0 | ||
| 008 | 130507s1997##################000#0#####d | ||
| 003 | CEMS | ||
| 020 | |a 9501246736 | ||
| 082 | 0 | 4 | |a 301.158 |
| 100 | 1 | |a Perrone, Reynaldo | |
| 245 | 1 | 0 | |a Violencia y abusos sexuales en la familia : |b un abordaje sistémico y comunicacional / |c Reynaldo Perrone y Martine Nannini |
| 260 | |a Buenos Aires : |b Paidós, |c 1997 | ||
| 300 | |a 173 p. | ||
| 505 | 0 | |a Violencia y familia -- Abuso sexual e incesto | |
| 653 | |a Abuso sexual | ||
| 653 | |a Familia | ||
| 653 | |a Familia-abuso sexual | ||
| 653 | |a Familia-violencia | ||
| 653 | |a Violencia familiar | ||
| 653 | |a Violencia | ||
| 700 | 1 | |a Nannini, Martine | |
| 859 | |a CEMS |b BIB. CEMS - 11 de abril |h 301.158 |i P429 |p 19895.98 |t Ej.1 | ||
